00681nam a2200217Ia 4500003000900000008004100009020001600050040001600066080001700082100002800099245005500127260003900182300001500221650004100236650001500277650001600292650001500308942000700323999001500330952011800345IN-BaIIA211028s9999 xx 000 0 eng d a486-60443-8 cIIA Library a524.834bREI aReichenbach, Hans96028 4aThe Philosophy of space and timecHans Reichenbach aNew YorkbDover Publicationsc1958 axvi, 295p. aAstronomy and astrophysics thesaurus aRelativity aSpace93725 aTime92741 cBK c3976d3976 00104070aBANbBANcGENd1972-08-10g16.88l0o524.834/ REIp4438r2021-11-05v16.88w1972-08-10yBKGRs. 16.88